00279 a2200097 450000500170000002000220001711100090003924500270004826000680007530000380014320250602111535.0 a978-9976-78-081-9 aNBAA aB2 Financial Reporting aDar es salaambNational Board of Accountants and Auditorsc2019 a556p.:ill.; picture, table.c29cm